Statistics for Simple German Words #1

Click here to take the quiz!

General Stats

  • This quiz has been taken 461 times
    (449 since last reset)
  • The average score is 13 of 20

Answer Stats

GermanEnglish% Correct
istis
96%
habento have
91%
das{the} (n)
90%
gutgood
89%
jayes
88%
dankethanks
87%
die{the} (f)
78%
nichtnot
77%
sehrvery
69%
aberbut
69%
warumwhy
69%
vonfrom
62%
jetztnow
59%
mehrmore
57%
auchalso
55%
unsus
54%
immeralways
52%
nienever
46%
vorbefore
34%
willwants to
10%

Score Distribution

Percentile by Number Answered

Percent of People with Each Score

Your Score History

You have not taken this quiz since the last reset